000 01854cam a22005054i 4500
003 PE-LiUPU
005 20250731165511.0
008 180226s2016 ck a r 000 0 spa d
020 _a9789587625912
035 _a(Sirsi) a241384
040 _aPE-LiUPU
_bspa
_cPE-LiUPU
_erda
049 _aPRUA
082 0 4 _a005.74
_bH87
_221
100 1 _aHueso Ibáñez, Luis,
_eautor.
245 1 0 _aAdministración de sistemas gestores de bases de datos /
_cLuis Hueso Ibáñez.
250 _aSegunda Edición.
264 1 _aBogotá :
_bEdiciones de la U,
_c2016.
300 _a316 páginas :
_bilustraciones ;
_c25 centímetros
336 _atext
_2rdacontent
337 _aunmediated
_2rdamedia
338 _avolume
_2rdacarrier
505 0 _aRevisión de conceptos de bases de datos -- Instalación y configuración de un SGBD -- Gestión de cuentas de usuario y permisos -- Automatización de tareas: construcción de guiones de administración -- Optimización y monitorización -- Bases de datos distribuidas y alta disponibilidad.
526 _aSEG44
526 _aSEG26
526 _aP151
526 _aP150
526 _aP149
526 _aP146
526 _aP145
526 _aP126
526 _aP125
526 _aP92
526 _aP75
526 _aP74
526 _aP27
526 _aP15
541 _g0001-0042353;
650 1 4 _aSistemas de gestión de bases de datos.
_95139
650 2 4 _aBases de datos.
910 _adbm
_bksl
_cksl
_d20180226
942 _2ddc
_cBOOK
994 _aC0
_bPEPRU
596 _a1
999 _a005.74 H87
_wLC
_c27021
_i78129
_d27021
_e2018-4-15
_f2021-11-9
_g4
_lCCODEBUL1
_mBUL
_n1
_p29.64
_q1
_r0
_sY
_tBOOK
_u2018-2-26
_xINGENIERIA
_PP27
_0COMPRA
_o.STAFF. Colección Ingeniería y Arquitectura
980 _81
_gALBERTO SANCHEZ Responsable de Automatización